书目信息 |
| 题名: |
烟画中国
|
|
| 作者: | 李德生 著 | |
| 分册: | ||
| 出版信息: | 南昌 江西教育出版社 2009.04 |
|
| 页数: | 191页 | |
| 开本: | 24cm | |
| 丛书名: | ||
| 单 册: | ||
| 中图分类: | J524.4 | |
| 科图分类: | ||
| 主题词: | 卷烟--juan yan--商标--工艺美术史--中国 | |
| 电子资源: | ||
| ISBN: | 978-7-5392-5292-6 | |
| 000 | 00787nam0 2200241 450 | |
| 001 | 012009160702 | |
| 005 | 20090622141630.14 | |
| 010 | @a978-7-5392-5292-6@dCNY38.00 | |
| 100 | @a20090622d2009 em y0chi0120 ea | |
| 101 | 0 | @achi |
| 102 | @aCN@b360000 | |
| 105 | @aa z 000yy | |
| 106 | @ar | |
| 200 | 1 | @a烟画中国@Ayan hua zhong guo@e昔日摩登女郎 |
| 210 | @a南昌@c江西教育出版社@d2009.04 | |
| 215 | @a191页@c图@d24cm | |
| 330 | @a本书共分为四章包括:清代末年的花国领袖(1898-1910),民国初年女性的觉醒(1911-1919),20年代之女权申张(1920-1929)等。 | |
| 517 | 1 | @a昔日摩登女郎@Axi ri mo deng nu lang |
| 606 | 0 | @a卷烟@Ajuan yan@x商标@x工艺美术史@y中国 |
| 690 | @aJ524.4@v4 | |
| 701 | 0 | @a李德生@Ali de sheng@4著 |
| 801 | 0 | @aCN@bQSSK@c20090622 |
| 905 | @b747542-44@dJ524.4@eL146@f3 | |
| 烟画中国:昔日摩登女郎.-南昌:江西教育出版社,2009.04 |
| 191页:图;24cm |
| ISBN 978-7-5392-5292-6:CNY38.00 |
| 本书共分为四章包括:清代末年的花国领袖(1898-1910),民国初年女性的觉醒(1911-1919),20年代之女权申张(1920-1929)等。 |
| ● |
| 相关链接 |
|
|
|
正题名:烟画中国
索取号:J524.4/L146
 
预约/预借
| 序号 | 登录号 | 条形码 | 馆藏地/架位号 | 状态 | 备注 |
| 1 | 747542 | 207475427 | 社科库309/309社科库 49排5列6层/ [索取号:J524.4/L146] |
已借出,限还日期为2018.06.08 借出人:魏晔 |
|
| 2 | 747543 | 207475436 | 社科库309/309社科库 87排4列6层/ [索取号:J524.4/L146] | 在馆 | |
| 3 | 747544 | 207475445 | 社科库309/309社科库 87排4列6层/ [索取号:J524.4/L146] | 在馆 |